000 01321cam a2200385 i 4500
001 11870
003 KOSZ 005
005 20220322145704.0
008 071013s1968 pl a f 000 0 pol
015 _aPB 1968/10395
040 _aWA N
_cWA N
_dKOSZ 005/RW
_dKOSZ 005/HR
046 _k1968
080 _a621.01
080 _a624.01/.07
080 _a534
080 _a621.317
100 1 _aOsiecki, Jan W.
_d(1930-2009)
_eAutor
245 1 0 _aPodstawy pomiarów drgań mechanicznych /
_cJan Osiecki, Stefan Ziemba ; Instytut Podstawowych Problemów Techniki Polskiej Akademii Nauk.
260 _aWarszawa :
_bPaństwowe Wydawnictwo Naukowe,
_c1968.
300 _a202, [1] s. :
_bil. ;
_c25 cm.
380 _aKsiążki
388 _a1901-2000
388 _a1945-1989
490 1 _aBiblioteka Mechaniki Stosowanej
504 _aBibliogr. s. [203].
650 4 _aDrgania
650 4 _aPomiary
650 4 _aTworzywa konstrukcyjne
658 _aInżynieria i technika
700 1 _aZiemba, Stefan
_d(1907-1994)
_eAutor
710 2 _aPaństwowe Wydawnictwo Naukowe
_4pbl.
830 0 _aBiblioteka Mechaniki Stosowanej
856 _uhttp://koha.tu.koszalin.pl/cgi-bin/koha/opac-detail.pl?biblionumber=11870
_yKatalog online BPK
942 _2UKD
_cKS
999 _c11870
_d11870